| 000 | 00822nam a2200301 a 4500 | ||
|---|---|---|---|
| 001 | 83712 | ||
| 003 | OSt | ||
| 005 | 20140310184522.0 | ||
| 008 | 950123s1994 enka j 000 1 eng d | ||
| 010 | _a 95171047 | ||
| 015 | _aGB95-12653 | ||
| 020 | _a0590603256 | ||
| 035 | _a(OCoLC)32017032 | ||
| 040 |
_aUk _cUk _dDLC |
||
| 042 |
_alccopycat _alcac |
||
| 050 |
_aPZ 8.3 _b.S856Di 1995 |
||
| 100 | 1 |
_aStickland, Paul. _929832 |
|
| 245 | 1 | 0 |
_aDinosaur roar! / _cPaul & Henrietta Stickland. |
| 260 |
_aAndover, U.K. : _bRagged Bears, _c1995. |
||
| 300 |
_a[26] p. : _bchiefly col. ill. ; _c24 x 29 cm. |
||
| 521 | _aBR | ||
| 526 | _cBR | ||
| 700 | 1 |
_aStickland, Henrietta. _929833 |
|
| 906 |
_a0 _bibc _ccopycat _d3 _encip _f19 _gy-gencatlg |
||
| 942 |
_2lcc _cBK-SCHOLAS |
||
| 999 |
_c35040 _d35040 |
||